000 01021namaa22002051 4500
001 174008
003 ES-MaACL
005 20250713080259.0
008 100205s1905 sp r |||| | spa d
100 1 _aÁlvarez Quintero, Serafín,
_d1871-1938
_9226443
245 1 3 _aEl amor en solfa
_b: segunda parte de "El Amor en el Teatro" : capricho literario en cuatro cuadros y un prólogo /
_cde Serafín y Joaquín Álvarez Quintero ; con música de Ruperto Chapí y José Serrano.
260 _aMadrid :
_bSociedad de Autores Españoles,
_c1905 (
_fR. Velasco)
300 _a41 p. ;
_c20 cm.
500 _aEn port.: Estrenado en el teatro de Apolo el 8 de noviembre de 1905.
700 1 _aÁlvarez Quintero, Joaquín,
_d1873-1944
_920922
700 1 _aChapí, Ruperto,
_d1851-1909
_938014
700 1 _aSerrano, José,
_d1873-1941
_9105700
852 _aES-MaACL
_jF-8644(3)
_z.- Enc. hol.
_z.- Enc. en un vol. facticio formando parte de la col. facticia "Teatro español moderno" v. 101
999 _c174008
_d174008